Normal view
MARC view
- GREATEST SALES IDEAS OF ALL TIME
Entry Topical Term
001 - CONTROL NUMBER
- control field: 60016
003 - CONTROL NUMBER IDENTIFIER
- control field: NUST
005 - DATE AND TIME OF LATEST TRANSACTION
- control field: 20210628202449.0
008 - FIXED-LENGTH DATA ELEMENTS
- fixed length control field: 210628|| aca||aabn | a|a d
040 ## - CATALOGING SOURCE
- Original cataloging agency: NUST
- Transcribing agency: NUST
150 ## - HEADING--TOPICAL TERM
- Topical term or geographic name entry element: GREATEST SALES IDEAS OF ALL TIME
670 ## - SOURCE DATA FOUND
- Source citation: Work cat.: (NUST): Langdon, Ken 60007, The 100 greatest sales ideas of all time, 2003
